000 00355nam a2200145Ia 4500
008 150201s2002 xx 000 0 und d
082 _a617.601
_bM2002S
100 _aSCULLY C.
245 _aMEDICAL PROBLEMS IN DENTISTRY
250 _a4TH
260 _bWRIGHT PUBLICATION
_aOXFORD
_c2002
300 _a1-570
650 _aORAL MEDICINE
942 _2ddc
_cBK
999 _c2910
_d2910